<?xml version="1.0" encoding="UTF-8"?>
<record
    xmlns:xsi="http://www.w3.org/2001/XMLSchema-instance"
    xsi:schemaLocation="http://www.loc.gov/MARC21/slim http://www.loc.gov/standards/marcxml/schema/MARC21slim.xsd"
    xmlns="http://www.loc.gov/MARC21/slim">

  <leader>03058nam a2200397 a 4500</leader>
  <controlfield tag="001">000005694</controlfield>
  <controlfield tag="003">DO-SdBNP</controlfield>
  <controlfield tag="005">20220930134529.0</controlfield>
  <controlfield tag="008">090821s2009    dr  000 0 spa d</controlfield>
  <datafield tag="020" ind1=" " ind2=" ">
    <subfield code="a">9789945457063 (Tapa dura)</subfield>
  </datafield>
  <datafield tag="020" ind1=" " ind2=" ">
    <subfield code="a">9789945437056 (Tapa blanda)</subfield>
  </datafield>
  <datafield tag="040" ind1=" " ind2=" ">
    <subfield code="a">DO-SdBNP</subfield>
    <subfield code="b">spa</subfield>
    <subfield code="c">BPMSU</subfield>
  </datafield>
  <datafield tag="082" ind1=" " ind2=" ">
    <subfield code="a">398.2097293</subfield>
    <subfield code="b">A553f, 2009</subfield>
    <subfield code="2">22</subfield>
  </datafield>
  <datafield tag="100" ind1="1" ind2=" ">
    <subfield code="a">Andrade, Manuel Jos&#xE9;,</subfield>
    <subfield code="d">1885-1941</subfield>
  </datafield>
  <datafield tag="240" ind1="1" ind2="0">
    <subfield code="l"> </subfield>
  </datafield>
  <datafield tag="245" ind1="1" ind2="0">
    <subfield code="a">Folklore de la Rep&#xFA;blica Dominicana /</subfield>
    <subfield code="c">Manuel Jos&#xE9; Andrade ; [ presentaci&#xF3;n Daniel Toribio ; exordio Mariano Mella ; pr&#xF3;logo Rafael Juli&#xE1;n].</subfield>
  </datafield>
  <datafield tag="260" ind1=" " ind2=" ">
    <subfield code="a">Santo Domingo :</subfield>
    <subfield code="b">Banreservas :</subfield>
    <subfield code="b">Sociedad Dominicana de Bibli&#xF3;filos,</subfield>
    <subfield code="c">2009.</subfield>
  </datafield>
  <datafield tag="300" ind1=" " ind2=" ">
    <subfield code="a">711 p. ;</subfield>
    <subfield code="c">23 cm.</subfield>
  </datafield>
  <datafield tag="490" ind1="0" ind2=" ">
    <subfield code="a">Bibli&#xF3;filos-Banreservas,</subfield>
    <subfield code="v">7</subfield>
  </datafield>
  <datafield tag="504" ind1=" " ind2=" ">
    <subfield code="a">Incluye referencias bibliogr&#xE1;ficas y notas al pie de las p&#xE1;ginas.</subfield>
  </datafield>
  <datafield tag="505" ind1="0" ind2=" ">
    <subfield code="t">Presentaci&#xF3;n /</subfield>
    <subfield code="r">Daniel Toribio --</subfield>
    <subfield code="t">Exordio /</subfield>
    <subfield code="r">Mariano Mella --</subfield>
    <subfield code="t">Pr&#xF3;logo /</subfield>
    <subfield code="t">Rafael Juli&#xE1;n --</subfield>
    <subfield code="t">Palabras preliminares --</subfield>
    <subfield code="t">Prefacio --</subfield>
    <subfield code="t">Introducci&#xF3;n --</subfield>
    <subfield code="t">Los principales informantes --</subfield>
    <subfield code="t">Observaciones acerca del lenguaje --</subfield>
    <subfield code="t">Vocabulario --</subfield>
    <subfield code="t">Cuentos --</subfield>
    <subfield code="t">El ciclo de Juan Bobo --</subfield>
    <subfield code="t">Los hermanos Rivales --</subfield>
    <subfield code="t">El vuelo m&#xE1;gico --</subfield>
    <subfield code="t">La alfombra m&#xE1;gica y argumentos an&#xE1;logos --</subfield>
    <subfield code="t">El hombre con los dientes de oro --</subfield>
    <subfield code="t">El hermano y la hermana abandonados en el bosque matan a la bruja --</subfield>
    <subfield code="t">El gato bondadoso --</subfield>
    <subfield code="t">Buqu&#xED; y lap&#xE9;n --</subfield>
    <subfield code="t">La serpiente de la siete cabezas --</subfield>
    <subfield code="t">Pan y un beso gana la lucha con el monstruo --</subfield>
    <subfield code="t">Los tres perros rompen la cadena y acuden en ayuda --</subfield>
    <subfield code="t">El hermano m&#xE1;s joven captura el caballo de siete colores --</subfield>
    <subfield code="t">La promesa funesta: dar un hijo al diablo --</subfield>
    <subfield code="t">Escuchando al tres brujas --</subfield>
    <subfield code="t">Los ladrones h&#xE1;biles --</subfield>
    <subfield code="t">El falso adivino --</subfield>
    <subfield code="t">La sustituci&#xF3;n de objetos sin valor por objetos m&#xE1;gicos --</subfield>
    <subfield code="t">La cueva de los ladrones y las palabras m&#xE1;gicas --</subfield>
    <subfield code="t">La princesa encantada --</subfield>
    <subfield code="t">La sustracci&#xF3;n traidora de perros por ni&#xF1;os recien nacidos --</subfield>
    <subfield code="t">El ni&#xF1;o de Brea --</subfield>
    <subfield code="t">La muchacha cuyo novio era un pez --</subfield>
    <subfield code="t">La cenicienta --</subfield>
    <subfield code="t">La muchacha m&#xE1;s lista que el rey --</subfield>
    <subfield code="t">El mono curioso en dificultades --</subfield>
    <subfield code="t">Cuentos de hadas --</subfield>
    <subfield code="t">Cuentos de hero&#xED;smo con seres sobrenaturales o monstruos --</subfield>
    <subfield code="t">Cuentos de vindicaci&#xF3;n o protecci&#xF3;n mediante poderes sobrenaturales --</subfield>
    <subfield code="t">Cuentos morales: muerte, fantasmas y el diablo --</subfield>
    <subfield code="t">Historia referente a la divinidad cristiana --</subfield>
    <subfield code="t">Cuentos de animales --</subfield>
    <subfield code="t">Episodio novelescos --</subfield>
    <subfield code="t">Cuentos de dinero y picard&#xED;as --</subfield>
    <subfield code="t">Cuento de ingenio y gracia --</subfield>
    <subfield code="t">Adivinanzas --</subfield>
    <subfield code="t">Proverbios y dec&#xED;res --</subfield>
    <subfield code="t">Creencias y costumbres.</subfield>
  </datafield>
  <datafield tag="534" ind1=" " ind2=" ">
    <subfield code="a">T&#xED;tulo original  : </subfield>
    <subfield code="t">Folk-lore from the Dominican Republic.</subfield>
  </datafield>
  <datafield tag="590" ind1=" " ind2=" ">
    <subfield code="a">Inventariado, 2022/VM</subfield>
  </datafield>
  <datafield tag="650" ind1=" " ind2="4">
    <subfield code="a">Folclor</subfield>
    <subfield code="z">Rep&#xFA;blica Dominicana</subfield>
  </datafield>
  <datafield tag="650" ind1=" " ind2="4">
    <subfield code="a">Folclor en la literatura</subfield>
  </datafield>
  <datafield tag="650" ind1=" " ind2="4">
    <subfield code="a">Cultura popular en la literatura</subfield>
  </datafield>
  <datafield tag="650" ind1=" " ind2="4">
    <subfield code="a">Literatura folcl&#xF3;rica</subfield>
  </datafield>
  <datafield tag="650" ind1=" " ind2="4">
    <subfield code="a">Culturas tradicionales</subfield>
  </datafield>
  <datafield tag="650" ind1=" " ind2="4">
    <subfield code="a">Identidad cultural</subfield>
  </datafield>
  <datafield tag="700" ind1="1" ind2=" ">
    <subfield code="a">Juli&#xE1;n, Rafael,</subfield>
    <subfield code="e">pr&#xF3;l.</subfield>
  </datafield>
  <datafield tag="700" ind1="1" ind2=" ">
    <subfield code="a">Toribio, Daniel</subfield>
  </datafield>
  <datafield tag="700" ind1="1" ind2=" ">
    <subfield code="a">Mella, Mariano</subfield>
  </datafield>
  <datafield tag="710" ind1="2" ind2=" ">
    <subfield code="a">Sociedad Dominicana de Bibli&#xF3;filos </subfield>
  </datafield>
  <datafield tag="910" ind1=" " ind2=" ">
    <subfield code="a">VMateo V./Validado. </subfield>
  </datafield>
  <datafield tag="942" ind1=" " ind2=" ">
    <subfield code="2">ddc</subfield>
    <subfield code="c">BK</subfield>
  </datafield>
  <datafield tag="952" ind1=" " ind2=" ">
    <subfield code="0">0</subfield>
    <subfield code="1">0</subfield>
    <subfield code="2">ddc</subfield>
    <subfield code="4">0</subfield>
    <subfield code="7">0</subfield>
    <subfield code="8">CD</subfield>
    <subfield code="a">BPMET</subfield>
    <subfield code="b">BPMET</subfield>
    <subfield code="d">2022-09-30</subfield>
    <subfield code="e">Certv.</subfield>
    <subfield code="l">0</subfield>
    <subfield code="o">BPMSU CD 398.2097293 A553f, 2009</subfield>
    <subfield code="p">BPMSU22090055</subfield>
    <subfield code="r">2022-09-30</subfield>
    <subfield code="w">2022-09-30</subfield>
    <subfield code="y">BK</subfield>
  </datafield>
  <datafield tag="999" ind1=" " ind2=" ">
    <subfield code="c">14288</subfield>
    <subfield code="d">14288</subfield>
  </datafield>
</record>
